| 000 | 00398nam a2200169Ia 4500 | ||
|---|---|---|---|
| 999 |
_c31800 _d31800 |
||
| 003 | OSt | ||
| 005 | 20250522165141.0 | ||
| 008 | 250310s9999||||xx |||||||||||||| ||und|| | ||
| 020 | _a0-09-957861-1 | ||
| 040 | _c. | ||
| 082 |
_a823.914 _bR953 |
||
| 100 |
_95778 _aRushdie, Salman |
||
| 245 | 0 |
_aShame / _cSalman Rushdie |
|
| 260 |
_aLondon : _bVintage, _c1995. |
||
| 300 | _a287 p. | ||
| 942 |
_cBK _2ddc |
||